La social democracia en Costa Rica /
Guardado en:
| Autores principales: | , |
|---|---|
| Formato: | Desconocido |
| Lenguaje: | Spanish |
| Publicado: |
[Lugar de publicación no identificado] :
[editor no identificado],
1977.
|
| Materias: | |
| Etiquetas: |
Agregar Etiqueta
Sin Etiquetas, Sea el primero en etiquetar este registro!
|
MARC
| LEADER | 000000000a22000000004500 | ||
|---|---|---|---|
| 001 | 004255 | ||
| 041 | 0 | |a spa | |
| 082 | 0 | 4 | |a 320.972.86 |b R763s |
| 100 | 1 | |a Romero Pérez, Jorge Enrique | |
| 100 | 1 | |a Rodríguez Vega, Eugenio, |d 1925-2008 | |
| 245 | 1 | 3 | |a La social democracia en Costa Rica / |c Jorge Enrique Romero Pérez, Eugenio Rodríguez Vega. |
| 260 | 1 | |a [Lugar de publicación no identificado] : |b [editor no identificado], |c 1977. | |
| 300 | |a 326 páginas | ||
| 500 | |a La Biblioteca contiene otro ejemplar con número de inscripción 5282 | ||
| 650 | 4 | |a COSTA RICA | |
| 650 | 4 | |a POLITICA Y GOBIERNO | |
| 650 | 4 | |a SOCIALISMO DEMOCRATICO | |
| 650 | 4 | |a PARTIDO LIBERAL | |
| 650 | 4 | |a PARTIDO REFORMISTA | |
| 650 | 4 | |a SOCIAL DEMOCRACIA | |
| 650 | 4 | |a LIBERALISMO POLITICO | |
| 650 | 4 | |a IMPERIALISMO | |
| 999 | |c 10491 |d 10491 | ||
| 942 | |c BK |h 320.972.86 R763s |2 z | ||
